000 01042nam0a22003011 4500
001 RU\NLR\A1SV\111949
005 20251203171251.9
035 _a(NLR Aleph) 009793302
090 _a10145919
_c10145919
100 _a20070403d1921 u y0rusy50 ca
101 0 _arus
102 _aRU
200 1 _aЗадачи сельского хозяйства в Сибири
_fВ.Н.Соколов
_gНКЗ
210 _aМ.
_cГос. изд.
_d1921
215 _a64 с.
_cтабл.
_d25 см
225 _aМеры по обеспечению с.-х. средствами производства
_vВып.5
300 _aБез тит. л.
620 _dМосква
700 1 _7ca
_8rus
_aСоколов
_bВ. Н.
_cрев., гос. и парт. деятель
_f1874-1959
_gВасилий Николаевич
_9225239
_3RU\NLR\AUTH\770225295
801 0 _aRU
_bNLR
_c20070403
852 _aNLR
_j37.60.7.128-5
852 _aNLR
_j37.60.7.128-5а
899 _aРКП
899 _aРГБ
942 _cBOOK
980 _aNB
980 _aA1SV